Дело об отмене запрета учителям Дерптского учебного округа преподавать в частных учебных заведениях, о разрешении назначить смот...

Доступно только в Электронных читальных залах Найти на картеНа карте
RUSMARC
00004438nmc2a2200000 x 450
0019f6cbdf3-dfd5-4cd3-8c2f-c75f04758dd4
00520170113111222.0
100##$a20140513l18201823k l0rusy0189 ca
1010#$arus
102##$aRU
2001#$aДело об отмене запрета учителям Дерптского учебного округа преподавать в частных учебных заведениях, о разрешении назначить смотрителем Дерптской семинарии содержателя частного пансиона М. Асмуса
$j26 октября 1820 г. - 31 января 1823 г.
251##$cДело
300##$aДело
300##$aОриг. заголовок дела: Дело по представлению попечителя Дерптского учебного округа, о дозволении избранному в учители назначенной в Дерпте семинарии Асмусу продолжать содержание пансиона его. 26 октября 1820 г. - 31 января 1823 г
801#0$aRU
$bРГИА
$c20140513
$gRCR
801#1$aRU
$bГлавНИВЦ
$c20140513
$2rusmarc
801#2$aRU
$bПБ им. Б.Н. Ельцина
$c20170113
$gRCR
$2rusmarc
850##$aРГИА
852##$aРГИА
$eФедеральное казенное учреждение "Российский государственный исторический архив" (РГИА)
$j290
937##$hРГИА
$d11169135
$aASBIBLIO_SCAN
462#0$10015faafd89-1df2-4e8f-a0ba-1d8a620713c6
$12001
$aДела Департамента народного просвещения по Дерптскому учебному округу за 1802-1836 гг.
$1251
$cОпись
$1852
$j56
461#0$1001a74412a3-3cc5-4d21-8f0a-dfe2fbd9e72d
$12001
$aДепартамент народного просвещения Министерства народного просвещения (1803-1917)
$1251
$cФонд
$1852
$j733
215##$a46 л.
$d36,5x26 см
371##$aДокумент не является опубликованным и широко распространяемым
105##$ay###
1222#$ad
5171#$aДело по представлению попечителя Дерптского учебного округа, о дозволении избранному в учители назначенной в Дерпте семинарии Асмусу продолжать содержание пансиона его. 26 октября 1820 г. - 31 января 1823 г
035##$a9f6cbdf3-dfd5-4cd3-8c2f-c75f04758dd4
856##$uhttp://readingroom.main.prlib.ru/item.aspx?id_node=n94228947&mode=full
Формат отображения